बेगम बानो और खातून; (Record no. 67913)
[ view plain ]
| 000 -LEADER | |
|---|---|
| fixed length control field | 00823nam a22001697a 4500 |
| 005 - DATE AND TIME OF LATEST TRANSACTION | |
| control field | 20120614122257.0 |
| 020 ## - INTERNATIONAL STANDARD BOOK NUMBER | |
| International Standard Book Number | 9789381480182 |
| Terms of availability | 210.00 |
| 082 ## - DEWEY DECIMAL CLASSIFICATION NUMBER | |
| Classification number | 822 |
| 100 ## - MAIN ENTRY--PERSONAL NAME | |
| Personal name | पाण्डेय, रमा |
| 245 ## - TITLE STATEMENT | |
| Title | बेगम बानो और खातून; |
| Remainder of title | (सात मंचीय नाटक)/ |
| Statement of responsibility, etc | रमा पाण्डेय |
| 260 ## - PUBLICATION, DISTRIBUTION, ETC. (IMPRINT) | |
| Place of publication, distribution, etc | दिल्ली |
| Name of publisher, distributor, etc | विजया बुक्स |
| Date of publication, distribution, etc | 2012 |
| 270 ## - ADDRESS | |
| Address | 1/10753, सुभाष पार्क, गली नं.5,नवीन शाहदरा |
| Postal code | 110032 |
| Telephone number | 011-2282514 |
| 300 ## - PHYSICAL DESCRIPTION | |
| Extent | 112 पृ. |
| Dimensions | 22 सें.मी.(सजिल्द) |
| 942 ## - ADDED ENTRY ELEMENTS (KOHA) | |
| Source of classification or shelving scheme | Dewey Decimal Classification |
| Item type | Hindi Books |
| Classification part | 822 |
| Call number suffix | पाण्डेय |
| Withdrawn status | Lost status | Not for loan | Home library | Current library | Date acquired | Cost, normal purchase price | Full call number | Cost, replacement price | Koha item type |
|---|---|---|---|---|---|---|---|---|---|
| Andrews Gunj | Andrews Gunj | 14/06/2012 | 210.00 | 822 पाण्डेय | 210.00 | Hindi Books |
